The challenge of unemployment : A report to labour ministers
Đã lưu trong:
| Định dạng: | Sách |
|---|---|
| Ngôn ngữ: | Undetermined |
| Được phát hành: |
Paris
O. E. C. D., Inc.
1982
|
| Những chủ đề: | |
| Các nhãn: |
Thêm thẻ
Không có thẻ, Là người đầu tiên thẻ bản ghi này!
|
| Thư viện lưu trữ: | Trung tâm Học liệu Trường Đại học Cần Thơ |
|---|
| LEADER | 00468nam a2200157Ia 4500 | ||
|---|---|---|---|
| 001 | CTU_79214 | ||
| 008 | 210402s9999 xx 000 0 und d | ||
| 082 | |a 331.13 | ||
| 082 | |b C437 | ||
| 245 | 4 | |a The challenge of unemployment : | |
| 245 | 2 | |b A report to labour ministers | |
| 260 | |a Paris | ||
| 260 | |b O. E. C. D., Inc. | ||
| 260 | |c 1982 | ||
| 650 | |a Full employment policies,Manpower policy,unemployment | ||
| 980 | |a Trung tâm Học liệu Trường Đại học Cần Thơ | ||